000 00923nam0a22002531 4500
001 v19\rc\1652523
005 20260407113535.0
035 _a(NLR Aleph) 004763590
090 _a4594795
_c4594795
100 _a20061002d1877 |||y0rusy50 ca
101 0 _arus
102 _aRU
105 _ay z |||||
200 1 _aДоклад Особой комиссии, избранной общим собранием 9 октября 1877 года
_fО-во взаим. позем. кредита
210 _a[Санкт-Петербург]
_dценз. 1877
215 _a11 с.
_d28
309 _aБез тит. л. и обл.
710 0 2 _aОбщество взаимного поземельного кредита
_cПетербург
_3RU\NLR\AUTH\889944099
_9383379
801 0 _aRU
_bNLR
_gpsbo
801 0 _aRU
_bRuMoRGB
_2psbo
801 1 _aRU
_bProSoft-M
_2rusmarc
852 _aNLR
_j18.127.1.379
942 _cBOOK
980 _aNB